000 00676 a2200169 4500
003 Nust
005 20221226123507.0
040 _cNust
082 _a355,LID
100 _aLiddell Hart, Basil Henry
245 _aGreat captains unveiled /
_cB. H. Liddell Hart
260 _aNew York
_bBooks for Libraries Press
_c1967
300 _a274 p.
505 _aJenghiz Khan and Sabutai (Page-1), Marechal De Saxe Military Prophet (Page-35), Gustavus Adolphus Founder of Modern War (Page-75), Wallenstein The Enigma of History (Page-153), General Wolfe Grandisre of the United States 1727-1927 (Page-205).
650 _aGenghis Khan, 1162-1227.
_9105917
942 _2ddc
_cBK
_k355,LID
999 _c184718
_d184718